|
|
|
|
| LEADER |
01043nam a2200241 a 4500 |
| 001 |
2712328 |
| 008 |
100125r19751932enk 001 0 eng d |
| 010 |
|
|
|a 76372087
|
| 020 |
|
|
|a 0521208505
|
| 040 |
|
|
|a DLC
|c DLC
|d DLC
|d DB-DhAAL
|
| 082 |
0 |
0 |
|a 301/.01/8
|
| 100 |
1 |
|
|a Webb, Sidney,
|d 1859-1947.
|
| 245 |
1 |
0 |
|a Methods of social study /
|c by Sidney and Beatrice Webb ; with an introd. by T. H. Marshall.
|
| 260 |
|
|
|a [London] :
|b London School of Economics and Political Science,
|c 1975.
|
| 300 |
|
|
|a xliv, 263 p. ;
|c 23 cm.
|
| 500 |
|
|
|a Reprint of the 1932 ed. published by Longman, Green and Co., London, New York [etc], with a new introd.
|
| 504 |
|
|
|a Includes index.
|
| 541 |
1 |
|
|e 00000226
|
| 650 |
|
0 |
|a Sociology
|x Methodology.
|
| 700 |
1 |
|
|a Webb, Beatrice Potter,
|d 1858-1943,
|e joint author.
|
| 852 |
4 |
|
|a Ayesha Abed Library
|j General Shelf.
|
| 999 |
|
|
|c 7159
|d 7159
|
| 952 |
|
|
|0 0
|1 0
|2 ddc
|4 0
|6 301_018000000000000_WEB_1975
|7 0
|9 7442
|a BRACUL
|b BRACUL
|c GEN
|d 2010-01-25
|g 1540.00
|l 1
|m 24
|o 301.018 WEB
|p 3010000226
|r 2023-07-04
|s 2023-01-03
|t 1
|w 2010-01-25
|y BK
|